00541pab a2200181 454500008004000000100001900040245005700059260000900116300001300125362001100138650001400149650002000163773003400183908000600217909001100223999001900234952010600253180718b2013 xxu||||| |||| 00| 0 eng d aGadgil, Ranjit aReview of twelfth plan proposals for urban transport c2013 ap.49-55. a30 Nov aTransport aUrban transport aEconomic and Political Weekly aN a103267 c103263d103263 00104070aIIPAbIIPAd2018-07-19hVolume no: 48, Issue no: 48pAR103727r2018-07-19w2018-07-19yAR